000 03108nam a2200313 i 4500
001 991061322328606706
005 20250613080317.0
008 250429e202502 spc|||| |||| 000 0 cat|
015 _aLL2025
_2bnc
017 _aDL B 1360-2025
_bBiblioteca de Catalunya
020 _a9788434438392
040 _aES-BaBC
_beng
_erda
_cES-BaBC
041 1 _aspa
100 _aFigueredo, Vincent M.,
_eauthor
_925411
240 1 0 _aCurious history of the heart.
_lSpanish
245 1 3 _aLa Curiosa historia del corazón
_b: un viaje cultural i científico
_c/ Vincent M. Figueredo ; traducción de Xavier Gaillard
250 _aFirst edtion
264 1 _a[Barcelona] :
_bAriel,
_c2025
300 _a294 pages:
_billustrations ;
_c24 cm
500 _aTítol original: The Curious history of the heart : a cultural and scientific journey
504 _aBiblioggraphy
520 _aUn deslumbrante recorrido por el papel y el significado del corazón en la filosofía, la religión, la ciencia y el arte, desde la cuna de la civilización hasta la actualidad. ¿Qué misterios esconde el órgano más simbólico del cuerpo humano? ¿Por qué ha fascinado tanto a lo largo de la historia y sigue cautivándonos hoy en día? ¿Sabemos realmente todo lo que es capaz de hacer? Desde los albores de la humanidad, el corazón ha sido mucho más que un órgano: ha latido como emblema de amor, fuerza vital y sabiduría en culturas de todo el mundo. Aunque hoy comprendemos mejor su fisiología y su función médica, sigue intrigándonos como símbolo eterno de emociones y memorias. Vincent M. Figueredo nos invita a una travesía apasionante, desde antiguas creencias hasta los últimos avances científicos, revelando cómo este órgano define nuestra existencia y por qué continúa inspirándonos. Una exploración cautivadora para entender el corazón de una manera que nunca habías imaginado.
520 _aA dazzling journey through the role and meaning of the heart in philosophy, religion, science, and art — from the cradle of civilization to the present day. What mysteries lie within the most symbolic organ of the human body? Why has it fascinated us throughout history and why does it continue to captivate us today? Do we truly understand everything it is capable of? Since the dawn of humanity, the heart has been far more than just an organ: it has pulsed as a symbol of love, life force, and wisdom in cultures across the globe. Although we now better understand its physiology and medical function, it still intrigues us as an eternal symbol of emotion and memory. Vincent M. Figueredo invites us on a thrilling journey, from ancient beliefs to the latest scientific breakthroughs, revealing how this organ shapes our very existence and why it continues to inspire us. A captivating exploration of the heart as you've never imagined it before.
586 _aWinner of the Gold Award 2024, Nonfiction Book Awards.
650 0 _aHeart.
_vPopular science books
650 0 _aCardiology
_xHistory
_vPopular science books
700 _aGaillard Pla, Xavier,
_etranslator
_925413
942 _2lcc
999 _c4728
_d4728